| 000 | 00949nam a2200217 a 4500 | ||
|---|---|---|---|
| 001 | 13011 | ||
| 003 | BD-JhCC | ||
| 005 | 20230613111414.0 | ||
| 008 | 230613b20072021b ||||| ||a| 00| 0 b d | ||
| 035 | _a(BD-JhCC)13011 | ||
| 040 |
_aBD-JhCC _dBD-JhCC |
||
| 041 | _aeng | ||
| 082 |
_a346.0134 _bJAH 2021 |
||
| 100 | _a জাহাঙ্গীর (রাহিমাহুল্লাহ),ড. খোন্দকার আব্দুল্লাহ | ||
| 245 |
_aকুরআন- সুন্নাহর আলোকে পোশাক, পর্দা ও দেহ-সজ্জা / _cড. খোন্দকার আব্দুল্লাহ জাহাঙ্গীর (রাহিমাহুল্লাহ) |
||
| 260 |
_aঝিনাইদহ _bআল-সুন্নাহ পাবলিকেশন্স _c2021 |
||
| 300 |
_a384p. : _c21 cm. |
||
| 650 | _aPorda | ||
| 650 |
_a Velis _vReligious aspects _xIslam |
||
| 942 |
_2ddc _cBK |
||
| 999 |
_c13011 _d13011 |
||